[Event "AUT-chT2M 1718"]
[Site "Austria"]
[Date "2018.02.11"]
[Round "9.6"]
[White "Holzmann, Joerg"]
[Black "Koelber, Daniel"]
[Result "1-0"]
[WhiteElo "2172"]
[BlackElo "2064"]
[PlyCount "69"]
[EventDate "2017.10.27"]
[EventType "team-tourn"]
[EventRounds "11"]
[EventCountry "AUT"]
[SourceTitle "EXT 2019"]
[Source "ChessBase"]
[SourceDate "2018.10.10"]
[SourceVersion "1"]
[SourceVersionDate "2018.10.10"]
[SourceQuality "1"]
[WhiteTeam "Villach Admira"]
[BlackTeam "Leoben"]
[WhiteTeamCountry "AUT"]
[BlackTeamCountry "AUT"]

1. e4 c5 2. Nf3 d6 3. d4 cxd4 4. Nxd4 Nf6 5. Nc3 a6 6. Be3 e6 7. f3 b5 8. Qd2 Nbd7 9. g4 b4 10. Na4 h6 11. Bc4 Qc7 12. Bb3 Bb7 13. 0-0-0 d5 14. exd5 Nxd5 15. Kb1 Be7 16. h4 Nxe3 17. Qxe3 0-0-0 18. Bxe6 fxe6 19. Nxe6 Qc6 20. Nxd8 Bxd8 21. Qb3 a5 22. Rhe1 Rf8 23. Re6 Qxf3 24. Qc4+ Bc7 25. Red6 Qf4 26. R6d4 Qf7 27. Nb6+ Nxb6 28. Rd8+ Rxd8 29. Rxd8+ Kxd8 30. Qxf7 g5 31. b3 Nd5 32. Qf8+ Kd7 33. Qxh6 Bf4 34. Qg7+ Kc8 35. h5 1-0

[Event "Schilcherland op 1st"]
[Site "Deutschlandsberg"]
[Date "2018.01.06"]
[Round "9"]
[White "Danner, Georg"]
[Black "Koelber, Daniel"]
[Result "1-0"]
[WhiteElo "2291"]
[BlackElo "2088"]
[PlyCount "113"]
[EventDate "2017.12.29"]
[EventType "swiss"]
[EventRounds "9"]
[EventCountry "AUT"]
[SourceTitle "CBM 182 Extra"]
[Source "ChessBase"]
[SourceDate "2018.02.23"]
[SourceVersion "1"]
[SourceVersionDate "2018.02.23"]
[SourceQuality "1"]

1. d4 Nf6 2. Nf3 c5 3. d5 b5 4. c4 Bb7 5. e3 e6 6. dxe6 fxe6 7. cxb5 d5 8. Nc3 Be7 9. Be2 0-0 10. 0-0 Nbd7 11. Qc2 Ng4 12. Ng5 Bxg5 13. Bxg4 Qe7 14. f4 Bh6 15. Bf3 Rad8 16. Bd2 Nf6 17. Rae1 e5 18. e4 d4 19. Nd5 Nxd5 20. exd5 Bxf4 21. d6 Rxd6 22. Bxf4 Rxf4 23. Qb3+ Kf8 24. Bxb7 Qxb7 25. Rxe5 Rxf1+ 26. Kxf1 Qc8 27. Qd3 h6 28. Qh7 Kf7 29. Ke1 Qg4 30. Qf5+ Qxf5 31. Rxf5+ Ke8 32. Rxc5 Re6+ 33. Kd2 Rg6 34. g3 Rf6 35. Rc2 Rf3 36. a4 Rb3 37. Rc7 Rxb2+ 38. Kd3 Kd8 39. Rxg7 Rxh2 40. Kxd4 Kc8 41. Rxa7 Rg2 42. Kc5 Rxg3 43. Rh7 Rg4 44. a5 Rg5+ 45. Kb6 Rg6+ 46. Ka7 Rg5 47. Ka6 Rg8 48. Rxh6 Kb8 49. Kb6 Rf8 50. a6 Ka8 51. Rd6 Rh8 52. Rd5 Rg8 53. Ka5 Rf8 54. b6 Rh8 55. a7 Kb7 56. Rd7+ Kc6 57. Rc7+ 1-0